000 00652nam a2200241Ia 4500
003 OSt
005 20221007080101.0
006 a|||||r|||| 00| 0
007 ta
008 221006b |||||||| |||| 00| 0 eng d
024 _a2,042
037 _cTextual
040 _aFLL
_cFLL
_beng
041 _2eng
_aeng
082 _aZz7, L9
100 _aJain D.C. Au.
245 0 _aComparative law
260 _aNew Delhi
_bSterling Publishers Pvt. Ltd. India
_c1979
650 _aComparative law
_9681818
700 _a Mathur A.K. Au.
_9694610
942 _hZz7, L9
_cTEXL
_2CC
999 _c1158317
_d1158317